[Event "Belgrade-chT2 Quality"]
[Site "Belgrade"]
[Date "2022.10.15"]
[Round "1.3"]
[White "Vojvodic, Pavle"]
[Black "Savic, Milos M"]
[Result "0-1"]
[WhiteElo "1857"]
[BlackElo "1966"]
[PlyCount "62"]
[EventDate "2022.10.15"]
[EventType "team-tourn"]
[EventRounds "13"]
[EventCountry "SRB"]
[SourceTitle "EXT 2024"]
[Source "ChessBase"]
[SourceDate "2023.10.10"]
[SourceVersion "1"]
[SourceVersionDate "2023.10.10"]
[SourceQuality "1"]
[WhiteTeam "Zemun"]
[BlackTeam "Batajnica"]
[WhiteTeamCountry "SRB"]
[BlackTeamCountry "SRB"]

1. c4 c5 2. Nc3 b6 3. e4 Nc6 4. Nge2 g6 5. d3 Bg7 6. Be3 e5 7. g3 Nd4 8. Bxd4 exd4 9. Nd5 Ne7 10. Nef4 Bb7 11. Nxe7 Qxe7 12. Bg2 0-0 13. 0-0 Rfe8 14. a4 Bh6 15. Nd5 Bxd5 16. cxd5 d6 17. Qg4 Rab8 18. b3 b5 19. Rab1 bxa4 20. bxa4 Rb4 21. Bh3 Reb8 22. Rxb4 cxb4 23. f4 b3 24. Qd7 Qxd7 25. Bxd7 b2 26. Rb1 Rb3 27. e5 dxe5 28. d6 exf4 29. Bb5 fxg3 30. hxg3 Kf8 31. Kf2 Bc1 0-1